000 00488nam a2200181Ia 4500
005 20250326124400.0
008 250326s9999 xx 000 0 und d
037 _aTextbook
040 _aFMSL
_beng
_cFMSL
041 _aeng
_2eng
084 _aX:76 L9
_qFMSL
100 _aMonroe K B
_9737317
245 0 _aPricing: making profitable decisions
_cMonroe K B
260 _aNY
_bNY, McGraw-Hill
_c1979
300 _a286p
942 _cTB
_hX:76 L9
999 _c1273500
_d1273500